[Event "Crailsheim op"]
[Site "Crailsheim"]
[Date "2000.??.??"]
[Round "3"]
[White "Hasecic, Sabahudin"]
[Black "Seifert, Volker"]
[Result "0-1"]
[WhiteElo "2274"]
[BlackElo "2108"]
[PlyCount "68"]
[EventDate "2000.06.??"]
[EventType "swiss"]
[EventRounds "7"]
[EventCountry "GER"]
[SourceTitle "EXT 2001"]
[Source "ChessBase"]
[SourceDate "2000.11.22"]
[SourceVersion "1"]
[SourceVersionDate "2000.11.22"]
[SourceQuality "1"]

1. d4 e6 2. c4 Nf6 3. Nf3 b6 4. a3 Bb7 5. Nc3 d5 6. cxd5 exd5 7. Bg5 Be7 8. Qa4+ c6 9. e3 0-0 10. Be2 Nbd7 11. 0-0 Re8 12. Rfd1 Ne4 13. Nxe4 dxe4 14. Bxe7 Qxe7 15. Nd2 Nf6 16. Rac1 Nd5 17. Rc2 a5 18. Rdc1 Kh8 19. Qb3 a4 20. Qa2 b5 21. Rc5 f5 22. g3 g5 23. Bf1 f4 24. Re1 fxe3 25. fxe3 Qf6 26. b4 axb3 27. Qxb3 Bc8 28. Bg2 Bf5 29. Nb1 Bg6 30. Qc2 Ra6 31. Nc3 Nxe3 32. Rxe3 Qxd4 33. Nd1 Rxa3 34. Kf2 Rf8+ 0-1

[Event "Crailsheim op"]
[Site "Crailsheim"]
[Date "1999.05.24"]
[Round "7"]
[White "Hasecic, Sabahudin"]
[Black "Reiss, Juergen"]
[Result "1/2-1/2"]
[WhiteElo "2280"]
[BlackElo "2072"]
[PlyCount "44"]
[EventDate "1999.05.21"]
[EventType "swiss"]
[EventRounds "7"]
[EventCountry "GER"]
[SourceTitle "EXT 2004"]
[Source "ChessBase"]
[SourceDate "2003.11.25"]
[SourceVersion "1"]
[SourceVersionDate "2003.11.25"]
[SourceQuality "1"]

1. d4 Nf6 2. Nf3 g6 3. c4 Bg7 4. g3 0-0 5. Bg2 d5 6. cxd5 Nxd5 7. 0-0 Nc6 8. Nc3 Nb6 9. e3 e5 10. d5 Ne7 11. e4 Bg4 12. h3 Bxf3 13. Bxf3 c6 14. Qb3 cxd5 15. exd5 Nf5 16. Bg2 Nd4 17. Qd1 Rc8 18. a4 Nc4 19. Rb1 Nd6 20. Bd2 a6 21. Be3 N4f5 22. Bd2 Nd4 1/2-1/2

[Event "BL2-Sued 9697"]
[Site "Germany"]
[Date "1997.??.??"]
[Round "?.4"]
[White "Hasecic, Sabahudin"]
[Black "Mandel, Andreas"]
[Result "1-0"]
[WhiteElo "2305"]
[BlackElo "2360"]
[PlyCount "153"]
[EventDate "1996.10.??"]
[EventType "team-tourn"]
[EventRounds "9"]
[EventCountry "GER"]
[SourceTitle "GER-chT2"]
[Source "ChessBase"]
[SourceDate "1999.07.01"]
[SourceVersion "1"]
[SourceVersionDate "1999.07.01"]
[SourceQuality "1"]
[WhiteTeam "Baiertal"]
[BlackTeam "Viernheim"]
[WhiteTeamCountry "GER"]
[BlackTeamCountry "GER"]

1. d4 Nf6 2. Nf3 g6 3. c4 Bg7 4. g3 0-0 5. Bg2 d6 6. 0-0 Nbd7 7. Nc3 e5 8. e4 c6 9. h3 exd4 10. Nxd4 Qb6 11. Re1 Re8 12. Re2 Ng4 13. Rd2 Nge5 14. b3 Nc5 15. Nde2 Bxh3 16. Bxh3 Nf3+ 17. Kg2 Nxd2 18. Bxd2 Nxe4 19. Be1 Ng5 20. Rc1 Rad8 21. Nf4 Nxh3 22. Nxh3 Qc5 23. Nf4 Qf5 24. Qf3 Bh6 25. Bd2 d5 26. cxd5 Bxf4 27. Bxf4 cxd5 28. Nb5 Qe4 29. Nd6 Qxf3+ 30. Kxf3 Re7 31. Rd1 f6 32. Rxd5 Red7 33. g4 Kf8 34. Rd2 Kg8 35. Ke4 Re7+ 36. Kd5 Kg7 37. g5 Rdd7 38. Rd3 fxg5 39. Bxg5 Re1 40. Be3 Re7 41. Bd4+ Kh6 42. Bf6 Kh5 43. Bxe7 Rxe7 44. Re3 Rc7 45. a4 Kg4 46. Nc4 Kf4 47. Ne5 Rc2 48. Rf3+ Kg5 49. Rf7 Rd2+ 50. Ke4 Re2+ 51. Kd4 h5 52. f4+ Kh6 53. Rxb7 h4 54. Kd3 Rg2 55. Ke3 h3 56. Kf3 Rg1 57. Nf7+ Kh5 58. Rb8 g5 59. Rh8+ Kg6 60. Nxg5 Rb1 61. Rxh3 Kf5 62. Ke2 Kxf4 63. Ne6+ Ke5 64. Re3+ Kd5 65. Kd2 a5 66. Kc2 Rf1 67. Nc7+ Kd4 68. Rd3+ Kc5 69. Nb5 Rh1 70. Rc3+ Kd5 71. Rc8 Rg1 72. Nc3+ Kd6 73. Kb2 Rh1 74. Ra8 Rh5 75. Ra6+ Kc5 76. Rxa5+ Kb4 77. Rb5+ 1-0

[Event "Oberliga Baden 9596"]
[Site "Germany"]
[Date "1996.03.24"]
[Round "8.3"]
[White "Hasecic, Sabahudin"]
[Black "Guenthner, Oliver"]
[Result "1/2-1/2"]
[WhiteElo "2300"]
[BlackElo "2295"]
[PlyCount "98"]
[EventDate "1995.10.??"]
[EventType "team"]
[EventRounds "9"]
[EventCountry "GER"]
[SourceTitle "EXT 2001"]
[Source "ChessBase"]
[SourceDate "2000.11.22"]
[SourceVersion "1"]
[SourceVersionDate "2000.11.22"]
[SourceQuality "1"]
[WhiteTeam "Baiertal"]
[BlackTeam "Untergrombach"]
[WhiteTeamCountry "GER"]
[BlackTeamCountry "GER"]

1. d4 d5 2. c4 Bf5 3. Nc3 e6 4. Nf3 Nf6 5. Qb3 Nc6 6. c5 Rb8 7. e3 a6 8. Qa4 Nd7 9. b4 Na7 10. Qb3 Be7 11. a4 Bf6 12. b5 axb5 13. axb5 Nc8 14. Be2 0-0 15. 0-0 Ne7 16. Bd2 Re8 17. Rfe1 h6 18. Rad1 g5 19. Bc1 Bg7 20. Bb2 Bg6 21. Na2 f5 22. Nb4 Bf7 23. Qc2 c6 24. Bc3 Qc8 25. Ra1 b6 26. cxb6 Rxb6 27. bxc6 Nxc6 28. Qa4 Nxb4 29. Bxb4 Qb7 30. Bc3 Rc8 31. Rec1 Nb8 32. Ne1 Be8 33. Qd1 Bb5 34. Bxb5 Rxb5 35. Nd3 Nd7 36. Be1 Kh7 37. Rxc8 Qxc8 38. Bb4 Qb7 39. Qa4 Bf8 40. Be1 Rb3 41. Nb4 Rb2 42. Bc3 Nb6 43. Qd1 Rxb4 44. Bxb4 Bxb4 45. Qb3 Bd6 46. Rb1 Bc7 47. Qb5 Qc8 48. g3 Qd8 49. Qc6 Qe7 1/2-1/2

[Event "Oberliga Baden 9596"]
[Site "Germany"]
[Date "1996.01.14"]
[Round "5.2"]
[White "Mueller, Rudolf"]
[Black "Hasecic, Sabahudin"]
[Result "1-0"]
[WhiteElo "2320"]
[BlackElo "2300"]
[PlyCount "131"]
[EventDate "1995.10.??"]
[EventType "team"]
[EventRounds "9"]
[EventCountry "GER"]
[SourceTitle "EXT 2001"]
[Source "ChessBase"]
[SourceDate "2000.11.22"]
[SourceVersion "1"]
[SourceVersionDate "2000.11.22"]
[SourceQuality "1"]
[WhiteTeam "Karlsruhe II"]
[BlackTeam "Baiertal"]
[WhiteTeamCountry "GER"]
[BlackTeamCountry "GER"]

1. e4 e5 2. Nf3 Nc6 3. d4 exd4 4. Bc4 Nf6 5. 0-0 Bc5 6. e5 d5 7. Bb5 Ne4 8. Bxc6+ bxc6 9. Nxd4 0-0 10. Nxc6 Qh4 11. Be3 Bxe3 12. fxe3 Be6 13. Rf4 Qg5 14. Nd2 Nxd2 15. Qxd2 Rae8 16. Raf1 Qg6 17. Nxa7 Bd7 18. Qxd5 Rd8 19. Qc5 c6 20. R1f3 Qe6 21. c4 Qg6 22. e4 Be8 23. h3 Qe6 24. b4 Rd7 25. b5 cxb5 26. Nxb5 Re7 27. Nc7 Qxe5 28. Nd5 Re6 29. Rg4 Qd6 30. Qxd6 Rxd6 31. e5 Re6 32. Rfg3 g6 33. Re3 Bc6 34. Rd4 Rc8 35. Kf2 Rb8 36. Rd2 Rb1 37. g4 Kg7 38. Kg3 Rc1 39. Rd4 Re8 40. Rf4 Bxd5 41. cxd5 Rd1 42. e6 fxe6 43. dxe6 Re7 44. a4 Rd6 45. Rfe4 Kf8 46. Kf4 Ra6 47. h4 Rea7 48. Rd3 Ke7 49. Rd7+ Rxd7 50. exd7+ Kxd7 51. Kg5 h5 52. gxh5 gxh5 53. Kxh5 Kd6 54. Kg5 Kd5 55. Rf4 Ke5 56. Rf5+ Ke4 57. h5 Ra8 58. Rf6 Rg8+ 59. Rg6 Rc8 60. h6 Rc5+ 61. Kg4 Rc1 62. Re6+ Kd5 63. Re3 Rc4+ 64. Kg5 Rc1 65. Rh3 Rg1+ 66. Kh5 1-0

[Event "BL2-Sued 9697"]
[Site "Germany"]
[Date "1996.??.??"]
[Round "?.2"]
[White "Maier, Christian"]
[Black "Hasecic, Sabahudin"]
[Result "1/2-1/2"]
[WhiteElo "2340"]
[BlackElo "2305"]
[PlyCount "120"]
[EventDate "1996.10.??"]
[EventType "team-tourn"]
[EventRounds "9"]
[EventCountry "GER"]
[SourceTitle "GER-chT2"]
[Source "ChessBase"]
[SourceDate "1999.07.01"]
[SourceVersion "1"]
[SourceVersionDate "1999.07.01"]
[SourceQuality "1"]
[WhiteTeam "Zaehringen"]
[BlackTeam "Baiertal"]
[WhiteTeamCountry "GER"]
[BlackTeamCountry "GER"]

1. c4 Nf6 2. Nc3 g6 3. g3 Bg7 4. Bg2 0-0 5. b4 a5 6. b5 e5 7. Rb1 d6 8. d3 Nbd7 9. e3 Nc5 10. Nge2 e4 11. Nxe4 Nfxe4 12. dxe4 f5 13. exf5 Bxf5 14. e4 Be6 15. Qc2 Qf6 16. Be3 Qf7 17. Rc1 Bb2 18. 0-0 Bxc1 19. Rxc1 Nd7 20. Nd4 Ne5 21. Nxe6 Qxe6 22. f4 Ng4 23. Bd4 c6 24. Bb2 Rf7 25. Qc3 Nf6 26. Rd1 h6 27. bxc6 bxc6 28. f5 gxf5 29. exf5 Qxf5 30. Rf1 Qc5+ 31. Kh1 Raf8 32. Rf4 Qb4 33. Qc1 Qb7 34. h4 Qd7 35. Qc3 Qe6 36. Kh2 Kh7 37. Qd3+ Kg8 38. Bh3 Qe7 39. Bf5 Nh5 40. Rg4+ Ng7 41. Kh3 Rxf5 42. Rxg7+ Qxg7 43. Bxg7 Kxg7 44. Qxd6 R8f6 45. Qd7+ Kg6 46. Qe8+ Kg7 47. h5 Rg5 48. Kh4 Rf2 49. Qd7+ Kg8 50. g4 Rxa2 51. Qxc6 Rh2+ 52. Kg3 Rhxh5 53. c5 Rxc5 54. Qe8+ Kg7 55. gxh5 Rg5+ 56. Kh4 a4 57. Qxa4 Kg8 58. Qe8+ Kg7 59. Qe7+ Kg8 60. Kh3 Kh8 1/2-1/2

[Event "Oberliga Baden 9596"]
[Site "Germany"]
[Date "1995.12.17"]
[Round "4.3"]
[White "Hasecic, Sabahudin"]
[Black "Roos, Jean Luc"]
[Result "1/2-1/2"]
[WhiteElo "2300"]
[BlackElo "2340"]
[PlyCount "91"]
[EventDate "1995.10.??"]
[EventType "team"]
[EventRounds "9"]
[EventCountry "GER"]
[SourceTitle "EXT 2001"]
[Source "ChessBase"]
[SourceDate "2000.11.22"]
[SourceVersion "1"]
[SourceVersionDate "2000.11.22"]
[SourceQuality "1"]
[WhiteTeam "Baiertal"]
[BlackTeam "Zaehringen II"]
[WhiteTeamCountry "GER"]
[BlackTeamCountry "GER"]

1. d4 e6 2. c4 f5 3. g3 Nf6 4. Bg2 Be7 5. Nf3 0-0 6. d5 Ne4 7. 0-0 Bf6 8. Qc2 a5 9. Nbd2 Nxd2 10. Bxd2 d6 11. Bc3 e5 12. Rae1 Qe8 13. e4 Qh5 14. c5 Nd7 15. cxd6 cxd6 16. exf5 Nc5 17. Nd2 Bxf5 18. Ne4 Nxe4 19. Bxe4 Bh3 20. Bg2 Bxg2 21. Kxg2 Bd8 22. f3 Rf6 23. Bd2 Qf7 24. Qd3 Bb6 25. Re4 Bd4 26. Bc3 Qxd5 27. Bxd4 exd4 28. Qb3 Qxb3 29. axb3 Rc8 30. Rxd4 Re6 31. Rf2 b5 32. Rfd2 Rc6 33. Rd5 Rc5 34. Kf2 Kf7 35. Rxc5 dxc5 36. Rd5 Rc6 37. Rd7+ Kf6 38. Rb7 b4 39. Rb5 c4 40. Rxa5 cxb3 41. Ke3 Rc2 42. h4 Rxb2 43. Rb5 Rc2 44. Rxb4 b2 45. Rb5 h5 46. g4 1/2-1/2

[Event "Oberliga Baden 9596"]
[Site "Germany"]
[Date "1995.11.05"]
[Round "2.3"]
[White "Hasecic, Sabahudin"]
[Black "Xheladini, Mahmut"]
[Result "1-0"]
[WhiteElo "2300"]
[BlackElo "2290"]
[PlyCount "108"]
[EventDate "1995.10.??"]
[EventType "team"]
[EventRounds "9"]
[EventCountry "GER"]
[SourceTitle "EXT 2001"]
[Source "ChessBase"]
[SourceDate "2000.11.22"]
[SourceVersion "1"]
[SourceVersionDate "2000.11.22"]
[SourceQuality "1"]
[WhiteTeam "Baiertal"]
[BlackTeam "Dreilaendereck"]
[WhiteTeamCountry "GER"]
[BlackTeamCountry "GER"]

1. d4 Nc6 2. Nf3 d6 3. d5 Ne5 4. Nxe5 dxe5 5. e4 e6 6. c4 c6 7. Nc3 Bb4 8. Qg4 Nf6 9. Qxg7 Rg8 10. Qh6 Nxe4 11. Qxh7 Nf6 12. Qc2 exd5 13. cxd5 Bxc3+ 14. Qxc3 Qxd5 15. f3 Bf5 16. Be3 0-0-0 17. Bc4 Qd7 18. 0-0 Bh3 19. Rf2 Nd5 20. Bxd5 Qxd5 21. Bxa7 Qxa2 22. Qe1 Qb3 23. Be3 Be6 24. Ra8+ Kd7 25. Rd2+ Bd5 26. Ra3 Qc4 27. Rc3 Qa4 28. Bb6 Rde8 29. Bf2 f5 30. b3 Qf4 31. Bg3 Qh6 32. Qd1 Qd6 33. Rcd3 Ke6 34. Re2 Kf7 35. b4 f4 36. Be1 Rg5 37. b5 Reg8 38. bxc6 bxc6 39. Rb2 Qc5+ 40. Kh1 Rh5 41. Bf2 Qa5 42. Qc1 Rgh8 43. Bg1 Ke6 44. Rbb3 Kf5 45. Qc2 Kg5 46. Rb7 R8h6 47. Rg7+ Kf6 48. Rb7 Qa6 49. Qb1 e4 50. fxe4 Bxe4 51. Bd4+ Re5 52. Bxe5+ Kf5 53. Qc1 Kxe5 54. Re7+ Kf5 1-0

[Event "Verbandsliga Nord Baden 9495"]
[Site "Germany"]
[Date "1995.04.30"]
[Round "9.3"]
[White "Haas, Stefan"]
[Black "Hasecic, Sabahudin"]
[Result "1/2-1/2"]
[WhiteElo "2265"]
[BlackElo "2320"]
[PlyCount "58"]
[EventDate "1994.09.25"]
[EventType "team"]
[EventRounds "9"]
[EventCountry "GER"]
[SourceTitle "EXT 2002"]
[Source "ChessBase"]
[SourceDate "2001.11.25"]
[SourceVersion "1"]
[SourceVersionDate "2001.11.25"]
[SourceQuality "1"]
[WhiteTeam "Durlach"]
[BlackTeam "Baiertal"]
[WhiteTeamCountry "GER"]
[BlackTeamCountry "GER"]

1. e4 e5 2. Nf3 Nc6 3. Bb5 f5 4. Nc3 fxe4 5. Nxe4 Nf6 6. Qe2 d5 7. Nxf6+ gxf6 8. d4 Bg7 9. dxe5 0-0 10. Bxc6 bxc6 11. e6 Re8 12. 0-0 c5 13. Bf4 Bxe6 14. Qd2 a5 15. Rfe1 Qd7 16. h3 a4 17. b4 axb3 18. axb3 d4 19. Ra5 Bd5 20. Nh4 Rxa5 21. Qxa5 Rxe1+ 22. Qxe1 c4 23. bxc4 Bxc4 24. Qb4 Be2 25. Qb8+ Kf7 26. Qxc7 Qxc7 27. Bxc7 Ke6 28. Bb6 f5 29. Nf3 Bxf3 1/2-1/2

[Event "Baden-ch MA"]
[Site "Hockenheim"]
[Date "1994.??.??"]
[Round "2"]
[White "Hasecic, Sabahudin"]
[Black "Ackermann, Daniel"]
[Result "1/2-1/2"]
[WhiteElo "2340"]
[BlackElo "2155"]
[PlyCount "54"]
[EventDate "1994.??.??"]
[EventType "swiss"]
[EventRounds "9"]
[EventCountry "GER"]
[SourceTitle "EXT 2003"]
[Source "ChessBase"]
[SourceDate "2002.11.25"]
[SourceVersion "1"]
[SourceVersionDate "2002.11.25"]
[SourceQuality "1"]

1. d4 d5 2. c4 c6 3. Nf3 Nf6 4. Nc3 dxc4 5. a4 Bg4 6. Ne5 Bh5 7. h3 Na6 8. g4 Bg6 9. Bg2 Nb4 10. 0-0 Bc2 11. Qd2 Bb3 12. a5 e6 13. a6 Qc7 14. axb7 Qxb7 15. g5 Nfd5 16. e4 Nb6 17. d5 0-0-0 18. Nxc6 Nxc6 19. dxc6 Qxc6 20. e5 Qxg2+ 21. Kxg2 Rxd2 22. Bxd2 Kb7 23. Ne4 Na4 24. Be3 Bb4 25. Rxa4 Bxa4 26. Bc5 Bc6 27. f3 Bxe4 1/2-1/2

[Event "Baden-ch MA"]
[Site "Hockenheim"]
[Date "1994.??.??"]
[Round "8"]
[White "Jacob, Volker"]
[Black "Hasecic, Sabahudin"]
[Result "0-1"]
[WhiteElo "2180"]
[BlackElo "2340"]
[PlyCount "118"]
[EventDate "1994.??.??"]
[EventType "swiss"]
[EventRounds "9"]
[EventCountry "GER"]
[SourceTitle "EXT 2003"]
[Source "ChessBase"]
[SourceDate "2002.11.25"]
[SourceVersion "1"]
[SourceVersionDate "2002.11.25"]
[SourceQuality "1"]

1. e4 Nf6 2. e5 Nd5 3. d4 d6 4. Nf3 g6 5. Bc4 Nb6 6. Bb3 Bg7 7. a4 a5 8. Qe2 d5 9. h3 0-0 10. 0-0 Na6 11. Nbd2 c5 12. c3 Bd7 13. Re1 cxd4 14. cxd4 Qe8 15. Qd1 Nb4 16. Nf1 Rc8 17. Ne3 Bh6 18. Nh2 Qd8 19. Rf1 Kh8 20. f4 f5 21. exf6 exf6 22. Nhg4 Bg7 23. f5 Nc4 24. Qe1 Nd3 25. Qg3 gxf5 26. Nxf5 Bxf5 27. Rxf5 Nxc1 28. Rxc1 Nd2 29. Rd1 Ne4 30. Qf3 Qb6 31. Rxd5 f5 32. Ne5 Ng5 33. Qd3 Ne6 34. Nf3 Nf4 35. Rb5 Qg6 36. Qd2 Bh6 37. Kh1 Nxh3 38. Qe2 Ng5 39. Nh4 Qd6 40. Qe5+ Qxe5 41. Rxe5 Ne4 42. Kg1 Be3+ 43. Kf1 Bf4 44. Rb5 Bg3 45. Nf3 Nf2 46. Rd2 Rfe8 47. Rc2 Rxc2 48. Bxc2 Ng4 49. Bxf5 Ne3+ 50. Kg1 b6 51. Bd7 Re7 52. Bc6 Rc7 53. Rxb6 Rc8 54. Ng5 h5 55. Ne6 h4 56. Nc5 Rd8 57. Bd7 Rf8 58. Bb5 Rf2 59. Re6 Rxg2+ 0-1

[Event "Baden-ch MA"]
[Site "Hockenheim"]
[Date "1994.??.??"]
[Round "6"]
[White "Pape, Joerg"]
[Black "Hasecic, Sabahudin"]
[Result "1-0"]
[WhiteElo "2220"]
[BlackElo "2340"]
[PlyCount "63"]
[EventDate "1994.??.??"]
[EventType "swiss"]
[EventRounds "9"]
[EventCountry "GER"]
[SourceTitle "EXT 2003"]
[Source "ChessBase"]
[SourceDate "2002.11.25"]
[SourceVersion "1"]
[SourceVersionDate "2002.11.25"]
[SourceQuality "1"]

1. e4 e5 2. Nf3 Nc6 3. Bc4 Nf6 4. Ng5 d5 5. exd5 Na5 6. d3 h6 7. Nf3 e4 8. Qe2 Nxc4 9. dxc4 Bd6 10. Nd4 c6 11. Nc3 0-0 12. dxc6 bxc6 13. Be3 Qc7 14. h3 Rb8 15. Nb3 Ba6 16. a3 Be5 17. Na4 Nd5 18. Nac5 Nxe3 19. Nxa6 Qb7 20. Nxb8 Nxg2+ 21. Kf1 Nf4 22. Qxe4 Bxb8 23. Re1 Qc8 24. Nd4 Qa6 25. Qxc6 Qa5 26. Qe4 f5 27. Qe7 Qd2 28. Ne6 Nxe6 29. Qxe6+ Kh7 30. Rg1 Qd4 31. Qg6+ Kg8 32. Re8 1-0

[Event "Buehl op"]
[Site "Buehl"]
[Date "1992.??.??"]
[Round "6"]
[White "Hasecic, Sabahudin"]
[Black "Vatter, Hans Joachim"]
[Result "1-0"]
[WhiteElo "2310"]
[BlackElo "2280"]
[PlyCount "70"]
[EventDate "1992.??.??"]
[EventType "swiss (rapid)"]
[EventRounds "11"]
[EventCountry "GER"]
[SourceTitle "GER"]
[Source "ChessBase"]
[SourceDate "1999.07.01"]
[SourceVersion "1"]
[SourceVersionDate "1999.07.01"]
[SourceQuality "1"]

1. d4 Nf6 2. Nf3 g6 3. c4 Bg7 4. g3 0-0 5. Bg2 d6 6. 0-0 Nc6 7. d5 Nb8 8. Nc3 e5 9. e4 a5 10. Ne1 Na6 11. Nd3 Nc5 12. Nxc5 dxc5 13. h3 Ne8 14. Be3 b6 15. f4 Nd6 16. b3 exf4 17. Bd2 fxg3 18. Qf3 Qh4 19. Bf4 Bxh3 20. e5 Nf5 21. Bxh3 Qxh3 22. Qg2 Qxg2+ 23. Kxg2 g5 24. Bxg5 Bxe5 25. Rxf5 Bxc3 26. Raf1 f6 27. Bxf6 Bxf6 28. Rxf6 a4 29. Kxg3 axb3 30. axb3 Rxf6 31. Rxf6 Ra3 32. Rf3 Kg7 33. Kf4 Kf6 34. Ke4+ Kg5 35. Rf7 h5 1-0

[Event "Untergrombach op"]
[Site "Untergrombach"]
[Date "1992.??.??"]
[Round "5"]
[White "Kettner, Juergen"]
[Black "Hasecic, Sabahudin"]
[Result "0-1"]
[WhiteElo "2215"]
[BlackElo "2310"]
[PlyCount "100"]
[EventDate "1992.??.??"]
[EventType "swiss"]
[EventRounds "7"]
[EventCountry "GER"]
[SourceTitle "EXT 2003"]
[Source "ChessBase"]
[SourceDate "2002.11.25"]
[SourceVersion "1"]
[SourceVersionDate "2002.11.25"]
[SourceQuality "1"]

1. e4 e5 2. Nf3 Nc6 3. Bb5 f5 4. d3 fxe4 5. dxe4 Nf6 6. 0-0 d6 7. Qd3 a6 8. Bxc6+ bxc6 9. Bg5 Be6 10. Nbd2 Be7 11. Bxf6 Bxf6 12. Nc4 0-0 13. Na5 c5 14. a3 Qb8 15. Rab1 Qb5 16. Qc3 d5 17. b4 cxb4 18. axb4 d4 19. Qc6 Rfe8 20. Ne1 Rab8 21. Nd3 Bd7 22. Qc5 Qxc5 23. Nxc5 Bb5 24. c4 dxc3 25. Rfc1 Red8 26. Rxc3 Rd4 27. f3 Kf7 28. Nxa6 Bxa6 29. Rxc7+ Kg6 30. Nc6 Rb6 31. Nxd4 exd4 32. f4 Be2 33. Kf2 d3 34. e5 Bd8 35. Rc8 Be7 36. b5 Kf5 37. Ke3 g5 38. g3 gxf4+ 39. gxf4 Ke6 40. Rc6+ Kd5 41. Rxb6 Bc5+ 42. Kd2 Bxb6 43. Ra1 Ke4 44. Ra4+ Kf3 45. f5 Be3+ 46. Kc3 d2 47. Ra1 d1Q 48. Rxd1 Bxd1 49. f6 Kf4 50. e6 Ke5 0-1

[Event "Buehl op"]
[Site "Buehl"]
[Date "1992.??.??"]
[Round "7"]
[White "Scherer, Helmut"]
[Black "Hasecic, Sabahudin"]
[Result "1-0"]
[WhiteElo "2315"]
[BlackElo "2310"]
[PlyCount "42"]
[EventDate "1992.??.??"]
[EventType "swiss (rapid)"]
[EventRounds "11"]
[EventCountry "GER"]
[SourceTitle "GER"]
[Source "ChessBase"]
[SourceDate "1999.07.01"]
[SourceVersion "1"]
[SourceVersionDate "1999.07.01"]
[SourceQuality "1"]

1. e4 e5 2. Nf3 Nc6 3. Bb5 f5 4. d3 fxe4 5. dxe4 Nf6 6. 0-0 d6 7. Qd3 a6 8. Ba4 b5 9. Bb3 Na5 10. Bg5 Be7 11. Bxf6 Bxf6 12. Qd5 Nxb3 13. axb3 Rb8 14. b4 Bb7 15. Qe6+ Qe7 16. Qxe7+ Kxe7 17. Nc3 c6 18. Rfe1 Ke6 19. Rad1 Ra8 20. Ra1 Bd8 21. Nd2 a5 1-0